Staaten mit vier Nachbarländern - Statistiken

Allgemein
  • Dieses Quiz wurde 37 mal gespielt
  • Das Durchschnittsergebnis liegt bei 18 aus 25
Antwortstatistiken
Hint Antwort % Korrekt
Deutschland, Frankreich, Luxemburg, Niederlande Belgien
100%
Brasilien, Chile, Paraguay, Uruguay Argentinien
97%
Griechenland, Kosovo, Montenegro, Nordmazedonien Albanien
93%
Aserbaidschan, Georgien, Iran, Türkei Armenien
87%
Albanien, Bulgarien, Nordmazedonien, Türkei Griechenland
87%
Armenien, Aserbaidschan, Russland, Türkei Georgien
83%
Belarus, Estland, Litauen, Russland Lettland
83%
Namibia, Sambia, Simbabwe, Südafrika Botsuana
80%
Ägypten, Jordanien, Libanon, Syrien Israel
80%
Belarus, Lettland, Polen, Russland Litauen
80%
Belize, El Salvador, Honduras, Mexiko Guatemala
77%
Demokratische Republik Kongo, Namibia, Republik Kongo, Sambia Angola
70%
Burkina Faso, Niger, Nigeria, Togo Benin
67%
Irak, Israel, Saudi Arabien, Syrien Jordanien
67%
Italien, Kroatien, Österreich, Ungarn Slowenien
67%
China, Kasachstan, Tadschikistan, Usbekistan Kirgisistan
63%
Algerien, Mali, Marokko, Senegal Mauretanien
63%
Afghanistan, Iran, Kasachstan, Usbekistan Turkmenistan
63%
Afghanistan, China, Indien, Iran Pakistan
60%
Botsuana, Mosambik, Sambia, Südafrika Simbabwe
60%
Deutschland, Österreich, Polen, Slowakei Tschechien
53%
Benin, Kamerun, Niger, Tschad Nigeria
50%
Burundi, Demokratische Republik Kongo, Tansania, Uganda Ruanda
50%
Afghanistan, China, Kirgisistan, Usbekistan Tadschikistan
47%
Kambodscha, Malaysia, Myanmar, Vietnam Thailand
47%
Keine übereinstimmenden Quizze gefunden
Verteilung der Resultate
Anzahl Personen mit jedem Resultat
Perzentil nach korrekt beantworteten Fragen
Ihre Resultats-Entwicklung
Sie haben dieses Quiz noch nicht gespielt